[Event "Moana Pozzi memorial"]
[Site "SchemingMind.com"]
[Date "2016.12.30"]
[Round "-"]
[White "Simon Green"]
[Black "dixan"]
[Result "0-1"]
[WhiteCountry "ENG"]
[BlackCountry "ITA"]
[WhiteElo "1639"]
[WhiteRD "63"]
[BlackElo "1884"]
[BlackRD "106"]
[GameID "408652"]

1. d4 d5 2. e3 Nf6 3. Bd3 e6 4. f4 Bd6 5. Nf3 c5 6. c3 c4 7. Bc2 Ne4 8. Nbd2 f5 9. O-O O-O 10. Qe1 Nd7
11. Ne5 Ndf6 12. Bxe4 Nxe4 13. Nxe4 dxe4 14. Nxc4 Be7 15. Bd2 Bd7 16. Ne5 Be8 17. c4 b6 18. Bb4 Rc8 19. b3 Rf6 20. Bxe7 Qxe7
21. a4 Rh6 22. Rf2 Qh4 23. g3 Qf6 24. Qd2 Bh5 25. d5 Rd8 26. h3 Bf7 27. h4 exd5 28. cxd5 Rxd5 29. Nxf7 Qxa1+
0-1

[Event "Moana Pozzi memorial"]
[Site "SchemingMind.com"]
[Date "2016.12.29"]
[Round "-"]
[White "dixan"]
[Black "Simon Green"]
[Result "1-0"]
[WhiteCountry "ITA"]
[BlackCountry "ENG"]
[WhiteElo "1884"]
[WhiteRD "106"]
[BlackElo "1639"]
[BlackRD "63"]
[GameID "408653"]

1. e4 e6 2. d4 d5 3. exd5 exd5 4. Nf3 Nf6 5. Bd3 g6 6. Qe2+ Be6 7. Ng5 Bg7 8. Nxe6 fxe6 9. Qxe6+ Qe7 10. Qxe7+ Kxe7
11. O-O Nc6 12. Re1+ Kd7 13. c3 Rae8 14. Be3 Ne7 15. Nd2 c6 16. Nf3 b5 17. Ne5+ Kc7 18. Bf4 Kb6 19. a4 a6 20. a5+ Kb7
21. Nf7 Rhf8 22. Nd6+ Ka7 23. Nxe8 Nxe8 24. Rxe7+
1-0

[Event "Moana Pozzi memorial"]
[Site "SchemingMind.com"]
[Date "2016.12.30"]
[Round "-"]
[White "ray winteringham"]
[Black "Simon Green"]
[Result "1/2-1/2"]
[WhiteCountry "ENG"]
[BlackCountry "ENG"]
[WhiteElo "1495"]
[WhiteRD "52"]
[BlackElo "1639"]
[BlackRD "63"]
[GameID "408668"]

1. e4 e6 2. d4 d5 3. e5 c5 4. Nf3 Nc6 5. c3 c4 6. Be2 Nge7 7. Bf4 Ng6 8. Bg3 Be7 9. O-O O-O 10. Nbd2 f5
11. h3 b5 12. b4 a5 13. a3 a4 14. Ne1 Bd7 15. f4 Be8 16. Bh5 Bh4 17. Bh2 Be7 18. g3 Nh8 19. Bf3 g6 20. Rf2 Bd7
21. Rg2 Rf7 22. Nc2 Kg7 23. Ne3 h6 24. Qe2 Kh7 25. g4 Qg8 26. Qf2 Raf8 27. g5 Qg7 28. Kf1 h5 29. Ke2 Bd8 30. Rag1 Ne7=
1/2-1/2

[Event "Moana Pozzi memorial"]
[Site "SchemingMind.com"]
[Date "2016.12.30"]
[Round "-"]
[White "Simon Green"]
[Black "ray winteringham"]
[Result "1-0"]
[WhiteCountry "ENG"]
[BlackCountry "ENG"]
[WhiteElo "1641"]
[WhiteRD "60"]
[BlackElo "1486"]
[BlackRD "52"]
[GameID "408669"]

1. d4 g6 2. e3 Bg7 3. Bd3 Nf6 4. f4 O-O 5. Nf3 d6 6. O-O Bg4 7. Nbd2 Nbd7 8. Qe1 c5 9. c3 b6 10. b3 Bxf3
11. Nxf3 Qc7 12. Bd2 a6 13. a4 a5 14. h3 Nh5 15. Rd1 f5 16. Ng5 Rfe8 17. Bc4+ e6 18. Bxe6+ Rxe6 19. Nxe6 Qb7 20. Nxg7 Kxg7
21. Qh4 Nhf6 22. g4 Qe4 23. g5 Nh5 24. Qf2 Re8 25. Bc1 Nf8 26. d5 Nd7 27. c4 Kg8 28. Rfe1 Nb8 29. Bb2 Na6 30. Bc3 Kf7
31. Qg2 Kg8 32. Qxe4 Rxe4 33. Kg2 Kf7 34. Re2 Nxf4+ 35. Kf2 Nxe2 36. Kxe2 Nb8 37. Be1 Nd7 38. Kf3 Ne5+ 39. Kf2 Ke7 40. Bc3 Nf7
41. Bf6+ Kd7 42. Kf3 h6 43. gxh6 Nxh6 44. Rg1 Ng8 45. Rxg6 Nxf6 46. Rxf6 Rh4 47. Rxf5 Rxh3+ 48. Ke4 Rh7 49. Kf4 Ke7 50. Rg5 Rf7+
51. Rf5 Rh7 52. Kg4 Rh2 53. Rf3 Re2 54. Kf5 Ke8 55. Ke6 Kd8 56. Kxd6
1-0

[Event "Moana Pozzi memorial"]
[Site "SchemingMind.com"]
[Date "2016.12.31"]
[Round "-"]
[White "ray winteringham"]
[Black "dixan"]
[Result "0-1"]
[WhiteCountry "ENG"]
[BlackCountry "ITA"]
[WhiteElo "1495"]
[WhiteRD "52"]
[BlackElo "1884"]
[BlackRD "106"]
[GameID "408670"]

1. e4 d5 2. exd5 Nf6 3. Nc3 Nxd5 4. Bc4 e6 5. Qf3 Nxc3 6. dxc3 Nc6 7. Ne2 Ne5 8. Qe4 Nxc4 9. Qxc4 Bd6 10. Bf4 O-O
11. O-O Bxf4 12. Nxf4 c6 13. Rad1 Qe7 14. Rfe1 Qc7 15. g3 b5 16. Qc5 Bb7 17. Rd6 Qb6 18. Qxb6 axb6 19. a3 Rfe8 20. Red1 Kf8
21. Rd7 Rab8 22. Rc7 Re7 23. Rdd7 Rxd7 24. Rxd7 Ke8 25. Rc7 c5 26. Nh5 Kf8 27. Nf4 Bf3 28. Rd7 Ke8 29. Rd2 Rd8 30. Rxd8+ Kxd8
31. Kf1 Bd1 32. Nh5 Bxh5 33. Ke1 Bf3 34. Kd2 e5 35. Ke3 Bd5 36. f4 f6 37. h4 Kd7 38. b3 Kd6 39. b4 c4 40. g4 exf4+
41. Kxf4 Ke6 42. g5 fxg5+ 43. hxg5 g6 44. Kg4 Ke5 45. Kh4 Be4
0-1

[Event "Moana Pozzi memorial"]
[Site "SchemingMind.com"]
[Date "2016.12.30"]
[Round "-"]
[White "dixan"]
[Black "ray winteringham"]
[Result "1-0"]
[WhiteCountry "ITA"]
[BlackCountry "ENG"]
[WhiteElo "1884"]
[WhiteRD "106"]
[BlackElo "1495"]
[BlackRD "52"]
[GameID "408671"]

1. e4 e5 2. d4 exd4 3. c3 g6 4. cxd4 Bg7 5. Be3 Ne7 6. Nc3 O-O 7. Nf3 d6 8. Be2 Bd7 9. Qb3 b6 10. O-O c5
11. Rad1 Nbc6 12. Rd2 Qc7 13. d5 Ne5 14. Nxe5 Bxe5 15. f4 Bg7 16. Bb5 Bxc3 17. bxc3 h5 18. Be2 Kg7 19. c4 Rh8 20. e5 Nf5
21. Bf3 a6 22. Qc3 Kg8 23. Bf2 b5 24. e6 fxe6 25. dxe6 Bxe6 26. Bxa8 Kh7 27. Bd5 Bd7 28. Be4 b4 29. Qb2 Re8 30. Bxf5 Bxf5
31. Qf6 Re6 32. Qb2 a5 33. a3 Re4 34. axb4 axb4 35. Rc1 Qe7 36. Rdd1 Rxf4 37. Re1 Qf7 38. Qe2 Be4 39. Bg3 Rg4 40. Rf1 Qe6
41. Rf4 d5 42. Rxg4
1-0

[Event "Moana Pozzi memorial"]
[Site "SchemingMind.com"]
[Date "2016.12.30"]
[Round "-"]
[White "Transcendent"]
[Black "ray winteringham"]
[Result "1-0"]
[WhiteCountry "ENG"]
[BlackCountry "ENG"]
[WhiteElo "1688"]
[WhiteRD "62"]
[BlackElo "1493"]
[BlackRD "51"]
[GameID "408674"]

1. e4 c5 2. Nf3 Nc6 3. d4 cxd4 4. Nxd4 e5 5. Nb5 a6 6. Nd6+ Bxd6 7. Qxd6 Qe7 8. Qd1 d6 9. Nc3 Nf6 10. Bg5 h6
11. Bxf6 Qxf6 12. Nd5 Qd8 13. Be2 O-O 14. O-O Be6 15. Bc4 Bxd5 16. Bxd5 Rc8 17. c3 b6 18. Qa4 Nb8 19. Rad1 Rc7 20. Rd2 Kh8
21. Rfd1 Qe7 22. Bb3 Rd8 23. Rd5 b5 24. Qb4 Nc6 25. Qa3 b4 26. cxb4 Ra7 27. Qa4 Rc8 28. Rxd6 Nd4 29. Rxa6 Rxa6 30. Qxa6 Rd8
31. b5 Qb4 32. b6 Rb8 33. Bxf7 Rxb6 34. Qc8+ Kh7 35. Qg8#
1-0

[Event "Moana Pozzi memorial"]
[Site "SchemingMind.com"]
[Date "2016.12.31"]
[Round "-"]
[White "ray winteringham"]
[Black "Transcendent"]
[Result "0-1"]
[WhiteCountry "ENG"]
[BlackCountry "ENG"]
[WhiteElo "1493"]
[WhiteRD "51"]
[BlackElo "1688"]
[BlackRD "62"]
[GameID "408675"]

1. d4 d5 2. c4 c6 3. Nc3 Nf6 4. Nf3 dxc4 5. e4 b5 6. a3 Bb7 7. Be2 e6 8. O-O Be7 9. h3 Nbd7 10. e5 Nd5
11. Bd2 Nxc3 12. bxc3 c5 13. a4 cxd4 14. cxd4 Nb6 15. axb5 O-O 16. Qc2 Bd5 17. Rfb1 f6 18. Nh2 fxe5 19. dxe5 Bc5 20. Rf1 Qc7
21. Bf3 Bxf3 22. Nxf3 Rad8 23. Ng5 g6 24. Be3 Bxe3 25. fxe3 Qxe5 26. Ne4 Rd3 27. Nf2 Qxe3 28. Rae1 Rxf2 29. Rxf2 Qxe1+ 30. Kh2 Qe5+
31. Kg1 Qxb5 32. Kh2 Qe5+ 33. g3 Qxg3+ 34. Kh1 Qxh3+ 35. Kg1 Rg3+ 36. Rg2 Qxg2+ 37. Qxg2 Rxg2+ 38. Kxg2 c3
0-1

[Event "Moana Pozzi memorial"]
[Site "SchemingMind.com"]
[Date "2016.12.30"]
[Round "-"]
[White "Transcendent"]
[Black "Simon Green"]
[Result "0-1"]
[WhiteCountry "ENG"]
[BlackCountry "ENG"]
[WhiteElo "1688"]
[WhiteRD "62"]
[BlackElo "1688"]
[BlackRD "62"]
[GameID "408676"]

1. e4 e6 2. d4 d5 3. Nc3 Nf6 4. e5 Nfd7 5. f4 c5 6. Be3 Nc6 7. Nf3 c4 8. Qd2 Bb4 9. a3 Bxc3 10. bxc3 b5
11. Be2 O-O 12. O-O f5 13. Ng5 Nb6 14. g4 g6 15. gxf5 exf5 16. Rf2 h6 17. Nf3 Be6
0-1

[Event "Moana Pozzi memorial"]
[Site "SchemingMind.com"]
[Date "2016.12.31"]
[Round "-"]
[White "Simon Green"]
[Black "Transcendent"]
[Result "0-1"]
[WhiteCountry "ENG"]
[BlackCountry "ENG"]
[WhiteElo "1680"]
[WhiteRD "64"]
[BlackElo "1719"]
[BlackRD "63"]
[GameID "408677"]

1. d4 d5 2. e3 Nf6 3. f4 c5 4. c3 cxd4 5. cxd4 Bf5 6. Bd3 Bxd3 7. Qxd3 Nc6 8. Nf3 e6 9. Nc3 Bb4 10. Bd2 a6
11. O-O O-O 12. Ne5 Nd7 13. a3 Bd6 14. Nxd7 Qxd7 15. Ne2 Rac8 16. Qb3 f5 17. Rac1 Nd8 18. Bb4 Nf7 19. Bxd6 Nxd6 20. Rxc8 Rxc8
21. Rc1 Rxc1+ 22. Nxc1 Ne4 23. Nd3 Qc7 24. h3 h6 25. Qd1 Qb6 26. Qc2 Qc6 27. Qxc6 bxc6 28. Nc5 Nxc5 29. dxc5 Kf7 30. b4 Kf6
31. a4 Ke7 32. Kf2 g6 33. a5 e5 34. Ke2 Ke6 35. g4 exf4 36. exf4 fxg4 37. hxg4 Kd7 38. Kd3 Ke7 39. Kd4 Ke6 40. Ke3 h5
41. gxh5 gxh5
0-1

[Event "Moana Pozzi memorial"]
[Site "SchemingMind.com"]
[Date "2016.12.30"]
[Round "-"]
[White "Transcendent"]
[Black "dixan"]
[Result "1-0"]
[WhiteCountry "ENG"]
[BlackCountry "ITA"]
[WhiteElo "1688"]
[WhiteRD "62"]
[BlackElo "1500"]
[BlackRD "80"]
[GameID "408678"]

1. d4 d5 2. c4 c6 3. Nf3 Nf6 4. e3 Bg4 5. Qb3 Qc7 6. Ne5 Be6 7. Nc3 Nbd7 8. f4 Nxe5 9. fxe5 Nd7 10. Bd2 g6
11. Rc1 Bg7 12. cxd5
1-0

[Event "Moana Pozzi memorial"]
[Site "SchemingMind.com"]
[Date "2016.12.31"]
[Round "-"]
[White "dixan"]
[Black "Transcendent"]
[Result "0-1"]
[WhiteCountry "ITA"]
[BlackCountry "ENG"]
[WhiteElo "1500"]
[WhiteRD "80"]
[BlackElo "1688"]
[BlackRD "62"]
[GameID "408679"]

1. e4 e6 2. d4 d5 3. exd5 exd5 4. Nf3 Bd6 5. Qe2+ Ne7 6. Nc3 O-O 7. Be3 Bg4 8. O-O-O Re8 9. h3 Bh5 10. g4 Bg6
11. Nh4 c6 12. Nxg6 Nxg6 13. Qd3 Nd7 14. Qd2 Rc8
0-1

[Event "Moana Pozzi memorial"]
[Site "SchemingMind.com"]
[Date "2016.12.31"]
[Round "-"]
[White "Scooter"]
[Black "Transcendent"]
[Result "1-0"]
[WhiteCountry "USA"]
[BlackCountry "ENG"]
[WhiteElo "1644"]
[WhiteRD "52"]
[BlackElo "1688"]
[BlackRD "62"]
[GameID "408712"]

1. d4 d5 2. Nf3 Nf6 3. Bf4 c5 4. e3 Nc6 5. Bb5 Bf5 6. O-O a6 7. Bxc6+ bxc6 8. c3 Qb6 9. Qb3 Qxb3 10. axb3 e6
11. Nbd2 cxd4 12. exd4 Be7 13. Ne5 c5 14. dxc5 Bxc5 15. b4 Bd6 16. Nb3 Bc2 17. Nd4 Bxe5 18. Bxe5 Bd3 19. Rfd1 Bg6 20. b5 O-O
21. bxa6 Ra7 22. Nc6 Raa8 23. a7 Nd7 24. Ne7+ Kh8 25. Bd6 Rfe8 26. Ra3 Nb6 27. Nxg6+ hxg6 28. Bc7 Nc4 29. Ra2 Re7 30. Bb8 Rb7
31. b4 Nb6 32. Rda1 Nd7 33. Ra6 Nxb8 34. axb8=Q+ Raxb8 35. Kf1 Kh7 36. Ke2 g5 37. Ra7 Rxa7 38. Rxa7 Kg6 39. g4 Rh8 40. b5 Rxh2
41. b6 Rh8 42. Kd3 e5 43. c4 d4 44. b7 Rb8 45. c5
1-0

[Event "Moana Pozzi memorial"]
[Site "SchemingMind.com"]
[Date "2016.12.31"]
[Round "-"]
[White "Transcendent"]
[Black "Scooter"]
[Result "0-1"]
[WhiteCountry "ENG"]
[BlackCountry "USA"]
[WhiteElo "1688"]
[WhiteRD "62"]
[BlackElo "1644"]
[BlackRD "52"]
[GameID "408713"]

1. d4 d5 2. c4 c6 3. Nf3 Bf5 4. Qb3 Qb6 5. Nc3 Qxb3 6. axb3 Nf6 7. Bf4 e6 8. Bxb8 Rxb8 9. Rxa7 Bb4 10. Nd2 Bxc3
11. bxc3 O-O 12. e3 Ne4 13. Nxe4 Bxe4 14. cxd5 exd5 15. Kd2 g5 16. f3 Bf5 17. Bd3 Bxd3 18. Kxd3 f5 19. Rf1 Rf7 20. h3 h5
21. g3 Re7 22. f4 g4 23. hxg4 hxg4 24. Ra2 Rh7 25. Rff2 Kf7 26. c4 Rh3 27. Rg2 Kf6 28. cxd5 cxd5 29. Ra5 Ke6 30. Rb5 Kd6
31. Rb6+ Kc7
0-1

[Event "Moana Pozzi memorial"]
[Site "SchemingMind.com"]
[Date "2016.12.30"]
[Round "-"]
[White "Scooter"]
[Black "ray winteringham"]
[Result "1-0"]
[WhiteCountry "USA"]
[BlackCountry "ENG"]
[WhiteElo "1717"]
[WhiteRD "54"]
[BlackElo "1495"]
[BlackRD "52"]
[GameID "408714"]

1. d4 Nf6 2. Nf3 e6 3. Bg5 Be7 4. e3 h6 5. Bxf6 Bxf6 6. Be2 d5 7. O-O O-O 8. Nbd2 Bd7 9. c4 dxc4 10. Nxc4 Bc6
11. Rc1 Nd7 12. Na5 Rb8 13. Nxc6 bxc6 14. Rxc6 Rxb2 15. Bc4 Rb6 16. Qa4 Nb8 17. Rc5 Rb7 18. Qa5 Be7 19. Rb5 Nc6 20. Qa4 Qb8
21. Rfb1 Rxb5 22. Rxb5 Qa8 23. d5 Nd8 24. dxe6 f6 25. Nd4 Nb7 26. Bd5
1-0

[Event "Moana Pozzi memorial"]
[Site "SchemingMind.com"]
[Date "2016.12.30"]
[Round "-"]
[White "ray winteringham"]
[Black "Scooter"]
[Result "0-1"]
[WhiteCountry "ENG"]
[BlackCountry "USA"]
[WhiteElo "1495"]
[WhiteRD "52"]
[BlackElo "1717"]
[BlackRD "54"]
[GameID "408715"]

1. e4 Nc6 2. d4 e5 3. d5 Nce7 4. Nf3 d6 5. h3 Nf6 6. Bd3 Ng6 7. Be3 Nf4 8. O-O Nxd3 9. Qxd3 Be7 10. c4 O-O
11. Nc3 Bd7 12. Nd2 c5 13. a3 a6 14. f3 b5 15. f4 exf4 16. Bxf4 bxc4 17. Qxc4 Nh5 18. Bh2 g6 19. Rf3 Bg5 20. Nf1 Qb6
21. Rb1 Bb5 22. Nxb5 axb5 23. Qe2 Rfe8 24. Qf2 Ra7 25. Rc1 Bxc1 26. g4 Ng7 27. Rf6 Rd7 28. Kg2 Rxe4 29. Qc2 Bg5 30. Rxg6 hxg6
31. Qxe4 Re7 32. Qf3 c4 33. Bg1 Qb7 34. Be3 Bxe3 35. Nxe3 Ne8 36. Nc2 Kg7 37. Nd4 Nf6 38. h4 Qxd5 39. Qxd5 Nxd5 40. Kf3 Re3+
0-1

[Event "Moana Pozzi memorial"]
[Site "SchemingMind.com"]
[Date "2016.12.30"]
[Round "-"]
[White "Scooter"]
[Black "Simon Green"]
[Result "0-1"]
[WhiteCountry "USA"]
[BlackCountry "ENG"]
[WhiteElo "1717"]
[WhiteRD "54"]
[BlackElo "1639"]
[BlackRD "63"]
[GameID "408716"]

1. d4 e6 2. Nf3 d5 3. Bf4 c5 4. e3 c4 5. c3 b5 6. Be2 Nf6 7. O-O Be7 8. Nbd2 Nc6 9. Qc2 Bd7 10. e4 O-O
11. exd5 exd5 12. Ne5 Nxe5 13. Bxe5 g6 14. Bxf6 Bxf6 15. Rfe1 Bf5 16. Qd1 Qd7 17. Nf3 Rae8 18. Qd2 Kg7 19. Bf1 h6 20. Rxe8 Rxe8
21. Re1 Rxe1 22. Qxe1 Qe6 23. h3 Qxe1 24. Nxe1 Bg5 25. Nf3 Be4 26. Ne5 Bc1 27. Nc6 Bxb2 28. Nxa7 Bxc3 29. Nxb5 Bb4 30. f3 Bf5
0-1

[Event "Moana Pozzi memorial"]
[Site "SchemingMind.com"]
[Date "2016.12.30"]
[Round "-"]
[White "Simon Green"]
[Black "Scooter"]
[Result "0-1"]
[WhiteCountry "ENG"]
[BlackCountry "USA"]
[WhiteElo "1641"]
[WhiteRD "60"]
[BlackElo "1715"]
[BlackRD "56"]
[GameID "408717"]

1. d4 Nf6 2. e3 g6 3. Bd3 Bg7 4. f4 O-O 5. Nf3 d6 6. O-O Bg4 7. Nbd2 Nbd7 8. Qe1 Bxf3 9. Nxf3 c5 10. c3 cxd4
11. cxd4 a6 12. Bd2 b5 13. Rc1 d5 14. Bb4 Re8 15. Ne5 e6 16. Qc3 Rc8 17. Qa3 Qb6 18. Ba5 Qb7 19. Qd6 Rxc1 20. Rxc1 Nxe5
21. fxe5 Ng4 22. Bd2 Bh6 23. Rc7 Qb8 24. Qd7 Rf8 25. Bb4 Qd8 26. Bxf8 Qxd7 27. Rxd7 Bxe3+ 28. Kf1 Kxf8 29. h3 Nf2 30. Be2 Bxd4
31. b3 Ne4 32. Rd8+ Ke7 33. Ra8 Bxe5 34. Rxa6 b4 35. a4 bxa3 36. Rxa3 Ng3+ 37. Kf2 Nxe2 38. Kxe2 h5 39. Kd3 Kd7 40. Ra7+ Bc7
41. Ra6 e5 42. b4 Bd6 43. b5 h4 44. Rc6 f5 45. Rc2 Ke6 46. b6 e4+ 47. Kd4 Be5+ 48. Kc5 d4 49. Kb5 d3 50. Rd2 Bf4
51. b7 Bb8 52. Kc6 Ke5 53. Ra2 Kd4 54. Ra8 Bg3 55. Rd8+ Ke3 56. b8=Q Bxb8 57. Rxb8 d2 58. Rd8 Ke2 59. Kc5 e3 60. Kc4 d1=Q
0-1

[Event "Moana Pozzi memorial"]
[Site "SchemingMind.com"]
[Date "2016.12.31"]
[Round "-"]
[White "Scooter"]
[Black "dixan"]
[Result "0-1"]
[WhiteCountry "USA"]
[BlackCountry "ITA"]
[WhiteElo "1717"]
[WhiteRD "54"]
[BlackElo "1884"]
[BlackRD "106"]
[GameID "408718"]

1. d4 d5 2. Nf3 Nf6 3. Bf4 e6 4. Bg3 Nc6 5. e3 Bd6 6. Bxd6 Qxd6 7. c3 a6 8. Nbd2 b5 9. Bd3 Bb7 10. O-O Ne7
11. Rc1 Ng6 12. e4 dxe4
0-1

[Event "Moana Pozzi memorial"]
[Site "SchemingMind.com"]
[Date "2016.12.31"]
[Round "-"]
[White "dixan"]
[Black "Scooter"]
[Result "1-0"]
[WhiteCountry "ITA"]
[BlackCountry "USA"]
[WhiteElo "1884"]
[WhiteRD "106"]
[BlackElo "1717"]
[BlackRD "54"]
[GameID "408719"]

1. e4 c6 2. d4 d5 3. exd5 cxd5 4. Nf3 Bg4 5. h3 Bxf3 6. Qxf3 Nf6 7. Bg5 e6 8. Bd3 Nbd7 9. O-O Be7 10. c3 O-O
11. Nd2 a6 12. Rfe1 h6 13. Bh4 Re8 14. Bc2 Rc8 15. Nf1 Nb8 16. Nh2 Nc6 17. Rac1 Nh7 18. Bg3 Bd6 19. Bxd6 Qxd6 20. Bxh7+ Kxh7
21. Qxf7 Re7 22. Qf3 Rec7 23. Qd3+ Kh8 24. Nf3 b5 25. Qg6 Re7 26. Nh4 Qf4 27. g3 Qf6 28. Qxf6 gxf6 29. Ng6+
1-0

[Event "Moana Pozzi memorial"]
[Site "SchemingMind.com"]
[Date "2017.01.01"]
[Round "-"]
[White "Scooter"]
[Black "kenneth m day"]
[Result "0-1"]
[WhiteCountry "USA"]
[BlackCountry "USA"]
[WhiteElo "1715"]
[WhiteRD "56"]
[BlackElo "1698"]
[BlackRD "55"]
[GameID "408788"]

1. d4 d6 2. Nf3 Nf6 3. Bf4 g6 4. e3 Bg7 5. Nbd2 Bg4 6. Be2 O-O 7. O-O Nc6 8. h3 Bd7 9. a3 a6 10. c4 Re8
11. d5 Ne5 12. Nxe5 dxe5 13. Bg5 e6 14. dxe6 Bxe6 15. Bxf6 Qxf6 16. Ne4 Qh4 17. b3 Qxe4 18. Bf3 Qh4
0-1

[Event "Moana Pozzi memorial"]
[Site "SchemingMind.com"]
[Date "2017.01.01"]
[Round "-"]
[White "kenneth m day"]
[Black "Scooter"]
[Result "0-1"]
[WhiteCountry "USA"]
[BlackCountry "USA"]
[WhiteElo "1686"]
[WhiteRD "57"]
[BlackElo "1644"]
[BlackRD "52"]
[GameID "408789"]

1. e4 c6 2. c4 d5 3. cxd5 cxd5 4. exd5 Qxd5 5. Nc3 Qd8 6. d4 Nf6 7. Bc4 e6 8. Nf3 Bb4 9. O-O O-O 10. Bg5 Be7
11. Re1 a6 12. Qd3 b5 13. Bb3 Bb7 14. Re3 Bxf3 15. Rxf3 Nc6 16. Rd1 Qc7 17. Bc2 Nb4 18. Qd2 Nxc2 19. Qxc2 b4 20. h3 bxc3
21. Rxc3 Qa5 22. Bxf6 Bxf6 23. a3 Rfd8 24. Rc5 Qb6 25. Rc6 Qb8 26. Qc3 Rc8 27. Rxc8+ Qxc8 28. Qd3 Qb7 29. b4 Rd8 30. Qc4 Qd5
31. Qxa6 Bxd4 32. Re1 g6 33. Qe2 Bc3 34. Rb1 Qd2 35. Qe4 Rd4 36. Qa8+ Kg7 37. b5 Rd5 38. b6 Be5 39. b7 Qd1+
0-1

[Event "Moana Pozzi memorial"]
[Site "SchemingMind.com"]
[Date "2017.01.01"]
[Round "-"]
[White "Transcendent"]
[Black "kenneth m day"]
[Result "1-0"]
[WhiteCountry "ENG"]
[BlackCountry "USA"]
[WhiteElo "1719"]
[WhiteRD "63"]
[BlackElo "1678"]
[BlackRD "55"]
[GameID "408790"]

1. d4 Nf6 2. c4 e6 3. g3 d5 4. Nf3 dxc4 5. Bg2 Nc6 6. Qa4 Bd7 7. Qxc4 Be7 8. O-O O-O 9. a3 Nd5 10. e4 Nb6
11. Qc2 Be8 12. Be3 Qd6 13. Nbd2 f5 14. Bf4 Qd7 15. exf5 Rxf5 16. Bh3 Rd5 17. Rfe1 Bf7 18. Nb3 Rc8 19. Rad1 Qe8 20. Bxe6 Bxe6
21. Rxe6 Qf7 22. Rde1 Rd7 23. Nc5 Rd6 24. Bxd6 Bxd6 25. Ng5 Qh5 26. Nxb7 Qxg5 27. Nxd6 cxd6 28. Qe4 Qh5 29. Rxd6 Qf7 30. Rxc6 Rd8
31. Rc5 Qf6 32. Rf5 Qg6 33. Qe7 Rc8 34. Rc5 Rxc5 35. dxc5 Nd5 36. Qd8+
1-0

[Event "Moana Pozzi memorial"]
[Site "SchemingMind.com"]
[Date "2017.01.01"]
[Round "-"]
[White "kenneth m day"]
[Black "Transcendent"]
[Result "0-1"]
[WhiteCountry "USA"]
[BlackCountry "ENG"]
[WhiteElo "1678"]
[WhiteRD "55"]
[BlackElo "1719"]
[BlackRD "63"]
[GameID "408791"]

1. e4 e6 2. d4 d5 3. Nd2 Nf6 4. e5 Nfd7 5. Bd3 c5 6. c3 Nc6 7. Ne2 f6 8. Nf3 cxd4 9. cxd4 Be7 10. Bd2 O-O
11. a3 fxe5 12. Nxe5 Ncxe5 13. dxe5 Nxe5 14. Bc2 Nc4 15. Bc3 Bf6 16. Rb1 Bxc3+ 17. Nxc3 Qf6 18. O-O Nxb2 19. Qf3 Qxf3 20. gxf3 Nc4
21. Rbd1 Rxf3 22. Nb5 Bd7 23. Nd4 Rxa3 24. Rfe1 Re8 25. Nf3 Rxf3 26. Rd3 Rxd3 27. Bxd3 e5 28. Bf1 a5 29. Bg2 e4
0-1

[Event "Moana Pozzi memorial"]
[Site "SchemingMind.com"]
[Date "2017.01.01"]
[Round "-"]
[White "kenneth m day"]
[Black "ray winteringham"]
[Result "1-0"]
[WhiteCountry "USA"]
[BlackCountry "ENG"]
[WhiteElo "1698"]
[WhiteRD "55"]
[BlackElo "1486"]
[BlackRD "52"]
[GameID "408792"]

1. e4 e5 2. Nf3 Nc6 3. c3 d6 4. Bc4 Bg4 5. Bxf7+ Kxf7 6. d4 Nf6 7. Bg5 Be7 8. Nbd2 Rf8 9. Qb3+ d5 10. Qxb7 Bd7
11. exd5 Rb8 12. Qa6 Nxd4 13. cxd4 Nxd5 14. Bxe7 Qxe7 15. Nxe5+ Kg8 16. O-O Ra8 17. Rfe1 Qd8 18. Qc4 Be6 19. Qd3 Nb4 20. Qc3 Nxa2
21. Qc5 Rb8 22. Nc6 Qf6 23. Nxb8 Rxb8 24. Qxc7 Rxb2 25. Nf3 Nb4 26. Rxe6 Qf8 27. h3 Nd5 28. Qe5 Nf6 29. d5 Rb5 30. Rd1 Qd8
31. Qd6 Qc8 32. Qc6 Rb8 33. Qxc8+ Rxc8 34. d6 Rd8 35. d7 a5 36. Ne5 a4 37. Ra1 Nxd7 38. Nxd7 Rxd7 39. Rxa4
1-0

[Event "Moana Pozzi memorial"]
[Site "SchemingMind.com"]
[Date "2017.01.01"]
[Round "-"]
[White "ray winteringham"]
[Black "kenneth m day"]
[Result "0-1"]
[WhiteCountry "ENG"]
[BlackCountry "USA"]
[WhiteElo "1486"]
[WhiteRD "52"]
[BlackElo "1698"]
[BlackRD "55"]
[GameID "408793"]

1. e4 e5 2. Bc4 Nf6 3. d3 Bc5 4. h3 O-O 5. Ne2 Nc6 6. c3 d6 7. O-O Be6 8. Bxe6 fxe6 9. Bg5 d5 10. Nd2 Qe8
11. b4 Be7 12. f3 Qg6 13. Bxf6 Bxf6 14. a4 Bg5 15. Qe1 Qh6 16. Nb3 Rf6 17. Kh1 Rg6 18. Kh2 Bh4 19. g3 Be7 20. Qf2 Rf8
21. Rg1 Qh5 22. g4 Qh6 23. Nd2 Bh4 24. Qg2 Qxd2 25. b5 Ne7 26. Rgd1 Qe3 27. Ng3 Rxf3 28. Nf1 Qf4+ 29. Kh1 Rf2 30. Qg1 Qf3+
0-1

[Event "Moana Pozzi memorial"]
[Site "SchemingMind.com"]
[Date "2017.01.02"]
[Round "-"]
[White "kenneth m day"]
[Black "Simon Green"]
[Result "1-0"]
[WhiteCountry "USA"]
[BlackCountry "ENG"]
[WhiteElo "1698"]
[WhiteRD "55"]
[BlackElo "1641"]
[BlackRD "60"]
[GameID "408794"]

1. e4 e6 2. d4 d5 3. Nd2 Nf6 4. e5 Nfd7 5. Bd3 c5 6. c3 c4 7. Bc2 b5 8. Ndf3 Be7 9. Ne2 f5 10. Nf4 Nb6
11. h4 O-O 12. Nh5 g6 13. Nf6+ Bxf6 14. exf6 Qxf6 15. Ne5 N6d7 16. Bg5 Qg7 17. Bf4 Nxe5 18. Bxe5 Qe7 19. Qf3 Nc6 20. Bf4 b4
21. O-O-O bxc3 22. bxc3 Qa3+ 23. Kd2 Rf7 24. h5 Ne7 25. hxg6 Nxg6 26. Qg3 Qf8 27. Bh6 Qe7 28. Bf4 Bd7 29. Bd6 f4 30. Bxf4 Rxf4
31. Bxg6 Rf6 32. Bxh7+
1-0

[Event "Moana Pozzi memorial"]
[Site "SchemingMind.com"]
[Date "2017.01.03"]
[Round "-"]
[White "Simon Green"]
[Black "kenneth m day"]
[Result "0-1"]
[WhiteCountry "ENG"]
[BlackCountry "USA"]
[WhiteElo "1641"]
[WhiteRD "60"]
[BlackElo "1698"]
[BlackRD "55"]
[GameID "408795"]

1. d4 Nf6 2. e3 g6 3. Bd3 Bg7 4. f4 d6 5. Nf3 O-O 6. O-O Bg4 7. Nbd2 c5 8. c3 Nc6 9. Qe1 cxd4 10. cxd4 Nb4
11. Qe2 Nxd3 12. Qxd3 Bf5 13. Qb3 Qc7 14. Nc4 Be6 15. Nfd2 Rac8 16. a4 a6 17. Nb6 Bxb3
0-1

[Event "Moana Pozzi memorial"]
[Site "SchemingMind.com"]
[Date "2017.01.01"]
[Round "-"]
[White "kenneth m day"]
[Black "dixan"]
[Result "1-0"]
[WhiteCountry "USA"]
[BlackCountry "ITA"]
[WhiteElo "1686"]
[WhiteRD "57"]
[BlackElo "1500"]
[BlackRD "80"]
[GameID "408796"]

1. e4 d5 2. exd5 Nf6 3. c4 e6 4. Nc3 exd5 5. d4 Bb4 6. Nf3 O-O 7. Be2 Be6 8. O-O dxc4 9. Bg5 Bxc3 10. bxc3 Bd5
11. Ne5 Qd6 12. Bf3 c6 13. Re1 Nbd7 14. Bf4 Qa3 15. Qd2
1-0

[Event "Moana Pozzi memorial"]
[Site "SchemingMind.com"]
[Date "2017.01.01"]
[Round "-"]
[White "dixan"]
[Black "kenneth m day"]
[Result "0-1"]
[WhiteCountry "ITA"]
[BlackCountry "USA"]
[WhiteElo "1500"]
[WhiteRD "80"]
[BlackElo "1686"]
[BlackRD "57"]
[GameID "408797"]

1. e4 e5 2. d4 exd4 3. c3 d5 4. exd5 Qxd5 5. cxd4 Nc6 6. Be3 Nf6 7. Nc3 Bb4 8. Be2 Qxg2 9. Bf3 Qg6 10. d5 Bxc3+
11. bxc3 Ne5 12. Bc5 Bd7 13. Qe2 O-O-O 14. Bxa7 Rhe8 15. Be3 Ba4 16. c4 Bc2 17. Rc1 Bd3 18. Qd1 Nxf3+
0-1